Chansons françaises : Premières et dernières paroles - Statistiques

Statistiques générales
  • Ce quiz a été pris 333 fois
  • Le résultat moyen est 10 sur 15
Statistiques - réponses
Hint Explanation Réponse % Correct

Premières paroles

À m'asseoir sur un banc

Cinq minutes, avec toi

Mistral gagnant - Renaud Et les Mistral gagnants
92%

Premières paroles

Un peu spéciale

Elle est célibataire

Elle a les yeux revolver - Marc Lavoine Elle m'a touché, c'est foutu
85%

Premières paroles

J'ai demandé à la lune

Et le soleil ne le sait pas

J'ai demandé à la lune - Indochine Et que ça ne durerait pas
78%

Premières paroles

Que tous ceux qui sont dans la vibe

(lèvent le doigt)

Ces soirées là - Yannick On aime tous ces soirées là
78%

Premières paroles

Hé toi

Qu'est-ce que tu regardes?

La grenade - Clara Luciani La grenade, prends garde
74%

Premières paroles

J'ai longtemps parcouru

son corps

Dernière danse - Kyo Elle fait partie de moi
69%

Premières paroles

Je rêvais d'un autre monde

Où la Terre serait ronde

Un autre monde - Téléphone Dansent les ombres du monde
68%

Premières paroles

Comment puis-je oublier

Ce coin de paradis ?

À nos souvenirs - Trois Cafés gourmands On a les yeux qui brillent
67%

Premières paroles

J'ai retrouvé l'sourire

Quand j'ai vu l'bout du tunnel

Est-ce que tu m'aimes ? - Gims J'sais pas si je t'aime
63%

Premières paroles

C'est tellement simple, l'amour

Tellement possible, l'amour

L’Envie d'aimer - Daniel Lévi Nous donne l'envie d'aimer
61%

Premières paroles

Si tu es né dans une cité HLM

Je te dédicace ce poème

L’Hymne de nos campagnes - Tryo Use tes cordes vocales, hé !
59%

Premières paroles

Savoir sourire

À une inconnue qui passe

Savoir aimer - Florent Pagny Et s'en aller...
58%

Premières paroles

Une photo, une date

C'est à n'y pas croire

Encore un soir - Céline Dion
Un rien de tout, un soir
57%

Premières paroles

T'avais les cheveux blonds

Un crocodile sur ton blouson

Est-ce que tu viens pour les vacances ? - David et Jonathan Est-ce que tu viens pour les vacances ?
52%

Premières paroles

Hé mec

Ton regard oblique en rien n'est lubrique

Pourvu qu'elles soient douces - Mylène Farmer De mes rondeurs tu es K.O.
48%
Aucun quiz correspondant
Distribution des résultats
% des personnes avec chaque résultat
Percentile par nombre de réponses
Votre historique - résultats
Vous n’avez pas pris ce quiz